[Event "Bengaluru Namma op 2nd"]
[Site "Bengaluru"]
[Date "2025.04.13"]
[Round "6"]
[White "Stany, George Anthony"]
[Black "Arul Anandh, SPK"]
[Result "1-0"]
[WhiteElo "2454"]
[BlackElo "2225"]
[PlyCount "49"]
[EventDate "2025.04.10"]
[EventType "swiss"]
[EventRounds "10"]
[EventCountry "IND"]
[SourceTitle "CB18_2025"]
[SourceDate "2025.04.30"]
[SourceVersion "1"]
[SourceVersionDate "2025.04.30"]
[SourceQuality "1"]

1. e4 c5 2. Nf3 Nc6 3. Bb5 g6 4. 0-0 Bg7 5. Re1 e5 6. c3 Nge7 7. d4 cxd4 8. cxd4 exd4 9. Bf4 d6 10. Nxd4 0-0 11. Bxc6 bxc6 12. Nc3 Qd7 13. Qd2 Bb7 14. Rad1 Rad8 15. Nb3 Qe6 16. e5 d5 17. Nc5 Qc8 18. e6 Rde8 19. Bd6 Ba8 20. Qg5 h6 21. Qg4 f5 22. Qb4 d4 23. Ne2 Nd5 24. Qa3 d3 25. Rxd3 1-0

[Event "Hosur op 3rd"]
[Site "Hosur"]
[Date "2023.02.03"]
[Round "5"]
[White "Selvamurugan, B."]
[Black "Arul Anandh, SPK"]
[Result "0-1"]
[WhiteElo "1858"]
[BlackElo "1678"]
[PlyCount "62"]
[EventDate "2023.02.01"]
[EventType "swiss"]
[EventRounds "9"]
[EventCountry "IND"]
[SourceTitle "CBM 212 Extra"]
[Source "ChessBase"]
[SourceDate "2023.03.31"]
[SourceVersion "1"]
[SourceVersionDate "2023.03.31"]
[SourceQuality "1"]

1. e4 c5 2. Nf3 e6 3. c3 Nf6 4. e5 Nd5 5. Bc4 Nb6 6. Bb3 d6 7. d4 dxe5 8. Nxe5 cxd4 9. cxd4 Bb4+ 10. Nc3 0-0 11. 0-0 Nc6 12. Nxc6 bxc6 13. Qd3 a5 14. Bc2 f5 15. Re1 Nd5 16. Ba4 Qc7 17. a3 Bd6 18. h3 Ba6 19. Qf3 Bc4 20. Bd2 Rf6 21. Rac1 Qb6 22. Nb1 Qxd4 23. Bxc6 Rb8 24. Bd7 Rb3 25. Qh5 g6 26. Qg5 Bg3 27. Rxc4 Bxf2+ 28. Kh1 Qxc4 29. Rc1 Qh4 30. Nc3 Nb6 31. Bxe6+ Rxe6 0-1

[Event "IND-ch U18 31st"]
[Site "Pollachi"]
[Date "2022.04.21"]
[Round "7"]
[White "Ilamparthi, AR."]
[Black "Arul Anandh, SPK"]
[Result "1-0"]
[WhiteElo "2122"]
[BlackElo "1763"]
[PlyCount "99"]
[EventDate "2022.04.18"]
[EventType "swiss"]
[EventRounds "11"]
[EventCountry "IND"]
[SourceTitle "EXT 2023"]
[Source "ChessBase"]
[SourceDate "2022.10.05"]
[SourceVersion "1"]
[SourceVersionDate "2022.10.05"]
[SourceQuality "1"]

1. Nf3 d5 2. e3 Nf6 3. c4 e6 4. b3 c5 5. Bb2 Nc6 6. cxd5 exd5 7. Nc3 d4 8. Na4 Bg4 9. Bb5 Rc8 10. h3 Bh5 11. exd4 cxd4 12. g4 Bg6 13. Nxd4 Be7 14. 0-0 0-0 15. Nxc6 bxc6 16. Bc4 h5 17. Re1 hxg4 18. hxg4 Bd6 19. Qf3 Nd5 20. Be5 Re8 21. Bxd6 Qxd6 22. Nc3 Nf4 23. Re3 Rxe3 24. dxe3 Nd3 25. Rd1 Ne5 26. Rxd6 Nxf3+ 27. Kg2 Ne5 28. Be2 Bh7 29. f4 Ng6 30. Rd7 Re8 31. Kf2 Re7 32. Rd8+ Nf8 33. Rc8 Re6 34. Bc4 Rd6 35. Ke2 Bc2 36. Rc7 Nd7 37. Rxa7 Kf8 38. Rb7 Ke7 39. e4 Rh6 40. Kd2 Rh2+ 41. Be2 Ke6 42. Kxc2 Nc5 43. Rb4 g5 44. Rc4 gxf4 45. Rxc5 f3 46. Kd3 fxe2 47. Nxe2 Rh3+ 48. Kd2 Kd6 49. Rf5 Ke6 50. Nf4+ 1-0

[Event "IND-ch U18 31st"]
[Site "Pollachi"]
[Date "2022.04.19"]
[Round "3"]
[White "Bharath, Subramaniyam H"]
[Black "Arul Anandh, SPK"]
[Result "1-0"]
[WhiteElo "2503"]
[BlackElo "1763"]
[PlyCount "141"]
[EventDate "2022.04.18"]
[EventType "swiss"]
[EventRounds "11"]
[EventCountry "IND"]
[SourceTitle "EXT 2023"]
[Source "ChessBase"]
[SourceDate "2022.10.05"]
[SourceVersion "1"]
[SourceVersionDate "2022.10.05"]
[SourceQuality "1"]

1. b3 e5 2. Bb2 Nc6 3. c4 Nf6 4. e3 d5 5. cxd5 Nxd5 6. a3 Bd6 7. d3 Be6 8. Nf3 0-0 9. Nbd2 f6 10. Be2 Qe8 11. 0-0 Qg6 12. Kh1 Rad8 13. b4 a6 14. Rc1 Qh6 15. g3 Nde7 16. Qc2 Ng6 17. d4 exd4 18. Nxd4 Nxd4 19. Bxd4 f5 20. Bc4 Ne5 21. Bxe5 Bxe5 22. Nf3 Bd6 23. Nd4 Bxc4 24. Qxc4+ Rf7 25. Nxf5 Qh5 26. Nd4 Kh8 27. Kg1 Rf6 28. Qe2 Qg6 29. Rcd1 Re8 30. Rd2 h6 31. Re1 c5 32. bxc5 Bxc5 33. Qd3 Qg4 34. Rb1 b6 35. Qxa6 h5 36. Qe2 Qg6 37. Qd3 Qg4 38. h4 Ref8 39. Kg2 Bd6 40. f4 Rg6 41. Ne2 Be7 42. Qd7 Re6 43. Nd4 Rxe3 44. Qxg4 hxg4 45. Rxb6 Bxa3 46. Nc2 Bc5 47. Rg6 Re4 48. Rxg4 Rfe8 49. Kf3 Rc4 50. Rg5 Rc3+ 51. Kg2 Rc8 52. Rgd5 Be7 53. Nd4 Bf6 54. Nf3 Re3 55. R5d3 Re4 56. Kh3 Rce8 57. Kg4 Ra4 58. Ng5 Ra5 59. Rd5 Ra3 60. R2d3 Ra6 61. Rb5 Rc6 62. Rdb3 Kg8 63. Rb8 Rcc8 64. Rxc8 Rxc8 65. Kf5 Kf8 66. Rb7 Kg8 67. Kg6 Rc6 68. Rb8+ Bd8+ 69. Kf5 Rf6+ 70. Kg4 Rd6 71. f5 1-0